[Event "USA tt"]
[Site "ICC INT"]
[Date "2009.10.26"]
[Round "9"]
[White "Finn, Sean N"]
[Black "Shahade, Jennifer"]
[Result "1-0"]
[WhiteElo "2189"]
[BlackElo "2322"]
[PlyCount "69"]
[EventDate "2009.08.31"]
[EventType "team (rapid)"]
[EventRounds "10"]
[EventCountry "USA"]
[SourceTitle "EXT 2010"]
[Source "ChessBase"]
[SourceDate "2010.11.25"]
[SourceVersion "1"]
[SourceVersionDate "2010.11.25"]
[SourceQuality "1"]

1. e4 c5 2. Nf3 a6 3. d4 cxd4 4. Nxd4 Nf6 5. Bd3 e5 6. Nb3 b5 7. Bg5 Be7 8. 0-0 Bb7 9. Qe2 0-0 10. a4 b4 11. N1d2 Qc7 12. Nc4 Nc6 13. a5 Rad8 14. Ne3 Ra8 15. Bxf6 Bxf6 16. Nd5 Qd6 17. Rfd1 Nd4 18. Nxd4 exd4 19. Nb6 Rae8 20. Qg4 Be5 21. g3 f5 22. exf5 Kh8 23. Re1 Qc7 24. Qh5 d6 25. f4 Qc6 26. Be4 Qc5 27. Nd7 Qa7 28. Nxf8 d3+ 29. Kg2 Rxf8 30. fxe5 d2 31. Re2 Qd4 32. Bxb7 d1Q 33. Rxd1 Qxd1 34. e6 g6 35. e7 1-0

[Event "WMSG Rapid Team 1st (Women)"]
[Site "Beijing"]
[Date "2008.10.15"]
[Round "5"]
[White "Shahade, Jennifer"]
[Black "Zimina, Olga"]
[Result "0-1"]
[WhiteElo "2322"]
[BlackElo "2368"]
[PlyCount "70"]
[EventDate "2008.10.14"]
[EventType "team (rapid)"]
[EventRounds "9"]
[EventCountry "CHN"]
[SourceTitle "CBM 126 Extra"]
[Source "ChessBase"]
[SourceDate "2008.11.05"]
[SourceVersion "1"]
[SourceVersionDate "2008.11.05"]
[SourceQuality "1"]

1. e4 e5 2. Nf3 Nc6 3. Bc4 Nf6 4. d3 Bc5 5. 0-0 d6 6. a4 a6 7. c3 0-0 8. Re1 Ba7 9. Be3 Bxe3 10. fxe3 d5 11. exd5 Nxd5 12. Nbd2 Nb6 13. Qe2 Nxc4 14. Nxc4 e4 15. dxe4 Qe7 16. e5 Bg4 17. h3 Bh5 18. a5 Rae8 19. b3 f6 20. e6 Qxe6 21. Qf2 Qe4 22. Rad1 Ne5 23. Ncxe5 fxe5 24. Rd7 Qc6 25. Red1 e4 26. Qg3 Qf6 27. R1d5 exf3 28. Rxh5 Rxe3 29. gxf3 Rxf3 30. Qh4 Qg6+ 31. Rg5 Qb1+ 32. Kh2 Rf2+ 33. Rg2 Rxg2+ 34. Kxg2 Qf1+ 35. Kh2 Rf2+ 0-1

[Event "WMSG Rapid Team 1st (Women)"]
[Site "Beijing"]
[Date "2008.10.14"]
[Round "2"]
[White "Kryger, Oksana"]
[Black "Shahade, Jennifer"]
[Result "1/2-1/2"]
[WhiteElo "2142"]
[BlackElo "2322"]
[PlyCount "43"]
[EventDate "2008.10.14"]
[EventType "team (rapid)"]
[EventRounds "9"]
[EventCountry "CHN"]
[SourceTitle "CBM 126 Extra"]
[Source "ChessBase"]
[SourceDate "2008.11.05"]
[SourceVersion "1"]
[SourceVersionDate "2008.11.05"]
[SourceQuality "1"]

1. d4 Nf6 2. c4 e6 3. Nf3 Bb4+ 4. Bd2 Qe7 5. e3 b6 6. Bxb4 Qxb4+ 7. Qd2 Qxd2+ 8. Nbxd2 Bb7 9. Bd3 d6 10. 0-0 Nbd7 11. Rfd1 a5 12. b3 e5 13. dxe5 dxe5 14. Bf5 Ke7 15. Nb1 g6 16. Bh3 Bxf3 17. gxf3 Nc5 18. Nc3 Rhd8 19. Kf1 Rxd1+ 20. Rxd1 Rd8 21. Rxd8 Kxd8 22. Ke2 1/2-1/2

[Event "WMSG Blitz Team 1st (Women)"]
[Site "Beijing"]
[Date "2008.10.13"]
[Round "7"]
[White "Shahade, Jennifer"]
[Black "Hoang, Thi Nhu Y"]
[Result "1-0"]
[WhiteElo "2322"]
[BlackElo "2127"]
[PlyCount "73"]
[EventDate "2008.10.13"]
[EventType "team (blitz)"]
[EventRounds "11"]
[EventCountry "CHN"]
[SourceTitle "CBM 126 Extra"]
[Source "ChessBase"]
[SourceDate "2008.11.05"]
[SourceVersion "1"]
[SourceVersionDate "2008.11.05"]
[SourceQuality "1"]

1. e4 c6 2. d4 d5 3. exd5 cxd5 4. c4 Nf6 5. Nc3 e6 6. Nf3 Be7 7. cxd5 Nxd5 8. Bd3 a6 9. 0-0 0-0 10. Re1 Nc6 11. a3 Bf6 12. Be4 Nxc3 13. bxc3 Bd7 14. Qd3 g6 15. Rb1 b5 16. Bh6 Re8 17. c4 bxc4 18. Qxc4 Na5 19. Qe2 Bc6 20. Red1 Bxe4 21. Qxe4 Qd5 22. Qf4 Bh8 23. Ne5 Ra7 24. Rbc1 Rd8 25. h4 Qd6 26. Qf3 Re8 27. Ng4 f5 28. Ne5 Qxe5 29. Bd2 Rd7 30. Bc3 Qb5 31. Re1 Nc6 32. h5 Kf7 33. Qh3 Qb8 34. hxg6+ Kxg6 35. Re3 f4 36. Qg4+ Kf7 37. Qg7+ 1-0

[Event "WMSG Blitz Team 1st (Women)"]
[Site "Beijing"]
[Date "2008.10.13"]
[Round "5"]
[White "Shahade, Jennifer"]
[Black "Reizniece Ozola, Dana"]
[Result "0-1"]
[WhiteElo "2322"]
[BlackElo "2335"]
[PlyCount "136"]
[EventDate "2008.10.13"]
[EventType "team (blitz)"]
[EventRounds "11"]
[EventCountry "CHN"]
[SourceTitle "CBM 126 Extra"]
[Source "ChessBase"]
[SourceDate "2008.11.05"]
[SourceVersion "1"]
[SourceVersionDate "2008.11.05"]
[SourceQuality "1"]

1. e4 d6 2. d4 Nf6 3. Nc3 g6 4. h3 c6 5. a4 Nbd7 6. Nf3 Bg7 7. Be2 Qc7 8. 0-0 0-0 9. Be3 e5 10. Qd2 Re8 11. dxe5 dxe5 12. Rfd1 Nf8 13. Qd6 Qxd6 14. Rxd6 Be6 15. Rad1 h6 16. Nd2 N8d7 17. Nc4 Bf8 18. R6d2 Kg7 19. Nd6 Reb8 20. a5 b6 21. a6 Rd8 22. Bc4 Bxc4 23. Nxc4 Be7 24. Nd6 Nf8 25. Nb7 Rxd2 26. Rxd2 Ne6 27. f3 Nc7 28. Nd6 Nxa6 29. Nc4 Nb4 30. Nxe5 Rd8 31. Rxd8 Bxd8 32. Bf2 Bc7 33. f4 Bxe5 34. fxe5 Nd7 35. Bg3 Nxc2 36. Kf2 Nd4 37. Ke3 Ne6 38. Be1 Nxe5 39. Ne2 Nc4+ 40. Kf2 Kf8 41. Bb4+ c5 42. Bc3 b5 43. b3 Nb6 44. Be5 Ke7 45. Ke3 f6 46. Bb8 a6 47. Ba7 Nc8 48. Bb8 Kd7 49. e5 fxe5 50. Bxe5 Ne7 51. Kd3 Kc6 52. h4 Nf5 53. Bf6 a5 54. g4 Nd6 55. h5 gxh5 56. gxh5 a4 57. bxa4 bxa4 58. Ng3 a3 59. Kc2 Nf4 60. Bg7 Nd5 61. Bxh6 Nb4+ 62. Kb1 a2+ 63. Ka1 Nc4 64. Bc1 Kb5 65. Ne4 Ne5 66. h6 Nf7 67. h7 Kc4 68. Nd6+ Kb3 0-1

[Event "WMSG Rapid 1st (Women)"]
[Site "Beijing"]
[Date "2008.10.06"]
[Round "5"]
[White "Shahade, Jennifer"]
[Black "Zawadzka, Jolanta"]
[Result "0-1"]
[WhiteElo "2322"]
[BlackElo "2378"]
[PlyCount "90"]
[EventDate "2008.10.05"]
[EventType "swiss (rapid)"]
[EventRounds "9"]
[EventCountry "CHN"]
[SourceTitle "CBM 126 Extra"]
[Source "ChessBase"]
[SourceDate "2008.11.05"]
[SourceVersion "1"]
[SourceVersionDate "2008.11.05"]
[SourceQuality "1"]

1. e4 c5 2. Nf3 e6 3. c3 Nf6 4. e5 Nd5 5. d4 cxd4 6. cxd4 d6 7. a3 Nc6 8. Bd3 Be7 9. 0-0 0-0 10. Qe2 Bd7 11. Qe4 f5 12. exf6 Nxf6 13. Qh4 h6 14. Nc3 d5 15. Qg3 Kh8 16. Ne5 Be8 17. Ng6+ Bxg6 18. Qxg6 Qe8 19. Qxe8 Raxe8 20. Bg6 Rc8 21. Be3 Bd8 22. Nb5 Bb6 23. Nd6 Rc7 24. Rfc1 Rd7 25. Nxb7 Nxd4 26. Bxd4 Bxd4 27. Nc5 Rd6 28. Rab1 Ng4 29. Nd3 e5 30. Bh5 Nxf2 31. Nxf2 Rxf2 32. Kh1 Rxb2 33. Rxb2 Bxb2 34. Rc8+ Kh7 35. Rc7 Bd4 36. Bg4 Kg6 37. h4 h5 38. Be2 e4 39. g4 hxg4 40. Bxg4 Bb6 41. Re7 Kf6 42. Re8 Rc6 43. Kg2 Rc2+ 44. Kg3 Bc7+ 45. Kh3 Rh2# 0-1

[Event "WMSG Blitz 1st (Women)"]
[Site "Beijing"]
[Date "2008.10.04"]
[Round "2"]
[White "Marshall, Abby"]
[Black "Shahade, Jennifer"]
[Result "1-0"]
[WhiteElo "2194"]
[BlackElo "2322"]
[PlyCount "94"]
[EventDate "2008.10.04"]
[EventType "swiss (blitz)"]
[EventRounds "11"]
[EventCountry "CHN"]
[SourceTitle "CBM 126 Extra"]
[Source "ChessBase"]
[SourceDate "2008.11.05"]
[SourceVersion "1"]
[SourceVersionDate "2008.11.05"]
[SourceQuality "1"]

1. e4 c5 2. Nf3 g6 3. d4 cxd4 4. Nxd4 Nc6 5. c4 Nf6 6. Nc3 d6 7. Be2 Nxd4 8. Qxd4 Bg7 9. Be3 0-0 10. Qd2 a5 11. 0-0 a4 12. Rac1 Qa5 13. h3 Bd7 14. f4 Bc6 15. Bf3 Rfd8 16. f5 Nd7 17. Qf2 Nc5 18. Rfd1 Rac8 19. Bg4 Rc7 20. Bf3 Qb4 21. Nd5 Bxd5 22. cxd5 Bxb2 23. Rc2 a3 24. fxg6 hxg6 25. Qh4 Bf6 26. Qg4 Rdc8 27. Rcd2 Nd7 28. Bf4 Bc3 29. Re2 Qa4 30. Rf1 Be5 31. Bd2 Bd4+ 32. Kh1 Ne5 33. Qg3 Qb5 34. Ree1 Nxf3 35. Qxf3 Rf8 36. Bg5 Qd7 37. Qg3 Be5 38. Qh4 b5 39. Bh6 Re8 40. Qf2 Bf6 41. Be3 b4 42. Bd4 Bxd4 43. Qxf7+ Kh8 44. Qxg6 Bg7 45. Rf5 e6 46. Rh5+ Kg8 47. Rf1 exd5 1-0

[Event "WMSG Blitz 1st (Women)"]
[Site "Beijing"]
[Date "2008.10.04"]
[Round "11"]
[White "Paehtz, Elisabeth"]
[Black "Shahade, Jennifer"]
[Result "1-0"]
[WhiteElo "2471"]
[BlackElo "2322"]
[PlyCount "47"]
[EventDate "2008.10.04"]
[EventType "swiss (blitz)"]
[EventRounds "11"]
[EventCountry "CHN"]
[SourceTitle "CBM 126 Extra"]
[Source "ChessBase"]
[SourceDate "2008.11.05"]
[SourceVersion "1"]
[SourceVersionDate "2008.11.05"]
[SourceQuality "1"]

1. e4 c5 2. c3 d6 3. d4 Nf6 4. Bd3 cxd4 5. cxd4 Nc6 6. Nf3 Bg4 7. Be3 g6 8. Nc3 Bg7 9. d5 Ne5 10. Be2 Nxf3+ 11. gxf3 Bh3 12. Rg1 0-0 13. Qd2 Nh5 14. Bh6 Be5 15. f4 Bg7 16. f5 Nf6 17. Bxg7 Kxg7 18. Qe3 Qa5 19. Rg3 Qb4 20. Rxh3 Qxb2 21. Rb1 Qa3 22. e5 dxe5 23. Qh6+ Kg8 24. Ne4 1-0

[Event "WMSG Blitz 1st (Women)"]
[Site "Beijing"]
[Date "2008.10.04"]
[Round "4"]
[White "Shahade, Jennifer"]
[Black "Dembo, Yelena"]
[Result "1-0"]
[WhiteElo "2322"]
[BlackElo "2446"]
[PlyCount "95"]
[EventDate "2008.10.04"]
[EventType "swiss (blitz)"]
[EventRounds "11"]
[EventCountry "CHN"]
[SourceTitle "CBM 126 Extra"]
[Source "ChessBase"]
[SourceDate "2008.11.05"]
[SourceVersion "1"]
[SourceVersionDate "2008.11.05"]
[SourceQuality "1"]

1. e4 c5 2. Nf3 Nc6 3. c3 Nf6 4. e5 Nd5 5. d4 cxd4 6. cxd4 d6 7. Bc4 e6 8. 0-0 Be7 9. Qe2 0-0 10. Nc3 dxe5 11. dxe5 Nxc3 12. bxc3 Qa5 13. Bd3 Rd8 14. Rd1 Qa4 15. Bg5 Bxg5 16. Nxg5 h6 17. Bh7+ Kf8 18. Rxd8+ Nxd8 19. Rd1 Bd7 20. Bc2 Qc6 21. Nf3 Rc8 22. Qd3 Ke7 23. Nd4 Qc7 24. Qh7 Qxc3 25. Qxg7 Nc6 26. Qf6+ Ke8 27. Nxc6 Rxc6 28. Ba4 Qc1 29. Qf3 Qc3 30. Bxc6 Qxc6 31. Qf6 a5 32. Qxh6 a4 33. Qh8+ Ke7 34. Qf6+ Ke8 35. h4 Qc2 36. Re1 a3 37. h5 Bc6 38. Qg5 Qh7 39. Rd1 Bd5 40. h6 Qc2 41. Rxd5 exd5 42. Qg8+ Ke7 43. h7 Qc1+ 44. Kh2 Qh6+ 45. Kg3 Qd2 46. h8Q Qc3+ 47. Kh2 Ke6 48. Qf6+ 1-0

[Event "WMSG Blitz 1st (Women)"]
[Site "Beijing"]
[Date "2008.10.04"]
[Round "3"]
[White "Shahade, Jennifer"]
[Black "Hernandez Guerrero, Yadira"]
[Result "1-0"]
[WhiteElo "2322"]
[BlackElo "2228"]
[PlyCount "93"]
[EventDate "2008.10.04"]
[EventType "swiss (blitz)"]
[EventRounds "11"]
[EventCountry "CHN"]
[SourceTitle "CBM 126 Extra"]
[Source "ChessBase"]
[SourceDate "2008.11.05"]
[SourceVersion "1"]
[SourceVersionDate "2008.11.05"]
[SourceQuality "1"]

1. e4 d6 2. d4 Nf6 3. Nc3 g6 4. Nf3 Bg7 5. h3 c6 6. Be3 0-0 7. a4 d5 8. e5 Ne4 9. Bd3 Nxc3 10. bxc3 b6 11. Qe2 Qc7 12. 0-0 c5 13. c4 cxd4 14. Bxd4 dxc4 15. Bxc4 Nc6 16. Bb2 e6 17. Ba3 Rd8 18. Bd6 Qb7 19. Rad1 Bd7 20. Ng5 a6 21. Qf3 Be8 22. Ne4 Nxe5 23. Bxe5 Qc8 24. Nf6+ Kh8 25. Rxd8 Qxd8 26. Rd1 Qc8 27. Qe4 Bc6 28. Qh4 h6 29. Bd3 b5 30. Bf4 h5 31. Nxh5 gxh5 32. Qxh5+ Kg8 33. Qh7+ Kf8 34. Bh6 Bxh6 35. Qxh6+ Ke7 36. Qg5+ Kf8 37. Qf6 Qd8 38. Qh6+ Ke8 39. Qh8+ Ke7 40. Qh4+ Ke8 41. Qg3 Qf6 42. axb5 axb5 43. Be2 Bd5 44. Bf3 Bxf3 45. gxf3 Ra1 46. Qg8+ Ke7 47. Qd8# 1-0

[Event "WMSG Blitz 1st (Women)"]
[Site "Beijing"]
[Date "2008.10.04"]
[Round "5"]
[White "Socko, Monika"]
[Black "Shahade, Jennifer"]
[Result "1-0"]
[WhiteElo "2434"]
[BlackElo "2322"]
[PlyCount "71"]
[EventDate "2008.10.04"]
[EventType "swiss (blitz)"]
[EventRounds "11"]
[EventCountry "CHN"]
[SourceTitle "CBM 126 Extra"]
[Source "ChessBase"]
[SourceDate "2008.11.05"]
[SourceVersion "1"]
[SourceVersionDate "2008.11.05"]
[SourceQuality "1"]

1. e4 c5 2. Nf3 g6 3. c4 Nc6 4. d4 cxd4 5. Nxd4 Nf6 6. Nc3 d6 7. Be2 Nxd4 8. Qxd4 Bg7 9. Be3 0-0 10. Qd2 a5 11. 0-0 a4 12. Rac1 Qa5 13. f3 Be6 14. Rfd1 Rfc8 15. Nd5 Qxd2 16. Rxd2 Bxd5 17. exd5 Nd7 18. Kf2 Nc5 19. Rb1 Kf8 20. Rc2 Ra6 21. b4 axb3 22. axb3 Ra3 23. b4 Na4 24. c5 Nc3 25. Rbc1 Nxd5 26. cxd6 Rd8 27. dxe7+ Kxe7 28. Bc5+ Kf6 29. Bd4+ Ke6 30. Bxg7 Nxb4 31. Bc4+ Ke7 32. Re2+ Kd7 33. Rd1+ Kc7 34. Re7+ Kc8 35. Rxd8+ Kxd8 36. Rxb7 1-0

[Event "USA tt playoffs"]
[Site "ICC INT"]
[Date "2005.11.09"]
[Round "1"]
[White "Shahade, Jennifer"]
[Black "Kaufman, Larry C"]
[Result "0-1"]
[WhiteElo "2332"]
[BlackElo "2349"]
[PlyCount "126"]
[EventDate "2005.11.09"]
[EventType "team"]
[EventRounds "1"]
[EventCountry "USA"]
[SourceTitle "EXT 2006"]
[Source "ChessBase"]
[SourceDate "2005.11.24"]
[SourceVersion "1"]
[SourceVersionDate "2005.11.24"]
[SourceQuality "1"]

1. e4 e6 2. d4 d5 3. Nd2 c5 4. exd5 Qxd5 5. Ngf3 cxd4 6. Bc4 Qd6 7. 0-0 Nf6 8. Nb3 Nc6 9. Nbxd4 Nxd4 10. Qxd4 Bd7 11. Be3 Qxd4 12. Bxd4 Rc8 13. Bb3 Bc5 14. Rfd1 Ke7 15. c3 Rhd8 16. Rd2 Bxd4 17. Nxd4 Ne4 18. Re2 Nd6 19. Rd1 a5 20. a4 g6 21. f3 Nc4 22. Nb5 Bxb5 23. Rxd8 Rxd8 24. axb5 Nd6 25. Re5 b6 26. Kf2 Kf6 27. f4 h6 28. Ke2 g5 29. Kf3 Nf5 30. g3 gxf4 31. gxf4 Rd3+ 32. Kf2 Rh3 33. Kg2 Rh4 34. Re4 Nd6 35. Rd4 Nxb5 36. Rd7 Rxf4 37. Rb7 a4 38. Rxb6 Nxc3 39. Bxe6 fxe6 40. bxc3 Rc4 41. Ra6 h5 42. Ra5 e5 43. Ra6+ Kf5 44. Ra5 Kf4 45. Kf2 h4 46. Ke2 Rxc3 47. Rxa4+ e4 48. Ra2 h3 49. Kf1 Rc1+ 50. Kf2 Rh1 51. Ra3 Rxh2+ 52. Kg1 Rg2+ 53. Kh1 Rg3 54. Ra8 Kf3 55. Ra3+ e3 56. Kh2 Rg8 57. Ra7 Kf2 58. Rf7+ Ke1 59. Ra7 e2 60. Ra1+ Kf2 61. Ra2 Kf1 62. Kxh3 e1Q 63. Rf2+ Kxf2 0-1

[Event "USA tt"]
[Site "ICC INT"]
[Date "2005.10.26"]
[Round "9"]
[White "Shahade, Jennifer"]
[Black "Rohonyan, Katerina"]
[Result "0-1"]
[WhiteElo "2332"]
[BlackElo "2315"]
[PlyCount "46"]
[EventDate "2005.10.05"]
[EventType "team"]
[EventRounds "10"]
[EventCountry "USA"]
[SourceTitle "CBM 108 Extra"]
[Source "ChessBase"]
[SourceDate "2005.11.04"]
[SourceVersion "1"]
[SourceVersionDate "2005.11.04"]
[SourceQuality "1"]

1. e4 c5 2. Nf3 Nc6 3. d4 cxd4 4. Nxd4 g6 5. Nc3 Bg7 6. Be3 Nf6 7. Bc4 0-0 8. Bb3 d6 9. f3 Bd7 10. Qd2 Nxd4 11. Bxd4 b5 12. h4 a5 13. Nd5 a4 14. Nxf6+ Bxf6 15. Bd5 Bxd4 16. Qxd4 Rc8 17. h5 e6 18. hxg6 fxg6 19. Bb7 Rxc2 20. Rd1 Qg5 21. Rd2 Rxd2 22. Qxd2 Qxd2+ 23. Kxd2 Rb8 0-1

[Event "USA-ch"]
[Site "San Diego"]
[Date "2004.12.04"]
[Round "9"]
[White "Lein, Anatoly"]
[Black "Shahade, Jennifer"]
[Result "1-0"]
[WhiteElo "2387"]
[BlackElo "2361"]
[PlyCount "73"]
[EventDate "2004.11.24"]
[EventType "swiss"]
[EventRounds "9"]
[EventCountry "USA"]
[SourceTitle "CBM 105"]
[Source "ChessBase"]
[SourceDate "2005.04.11"]
[SourceVersion "1"]
[SourceVersionDate "2005.04.11"]
[SourceQuality "1"]

1. Nf3 Nf6 2. c4 g6 3. Nc3 Bg7 4. e4 c5 5. d4 cxd4 6. Nxd4 d6 7. Be2 Nc6 8. Be3 Nxd4 9. Bxd4 0-0 10. Qd2 Bd7 11. 0-0 Bc6 12. f3 Nd7 13. Be3 a5 14. Rab1 a4 15. b4 axb3 16. axb3 Ra3 17. Rfc1 Nc5 18. Bd1 f5 19. b4 Ne6 20. exf5 gxf5 21. Rb3 Rxb3 22. Bxb3 f4 23. Bf2 Kh8 24. Nd5 Be5 25. Re1 Rg8 26. c5 Ng5 27. Kh1 e6 28. cxd6 Nxf3 29. Qe2 exd5 30. gxf3 Bf6 31. b5 Re8 32. Qd3 Rxe1+ 33. Bxe1 Qe8 34. Bc3 d4 35. bxc6 dxc3 36. Bc2 Qe1+ 37. Kg2 1-0

[Event "USA-ch"]
[Site "San Diego"]
[Date "2004.11.28"]
[Round "4"]
[White "Shahade, Jennifer"]
[Black "Krush, Irina"]
[Result "0-1"]
[WhiteElo "2361"]
[BlackElo "2464"]
[PlyCount "102"]
[EventDate "2004.11.24"]
[EventType "swiss"]
[EventRounds "9"]
[EventCountry "USA"]
[SourceTitle "CBM 105"]
[Source "ChessBase"]
[SourceDate "2005.04.11"]
[SourceVersion "1"]
[SourceVersionDate "2005.04.11"]
[SourceQuality "1"]

1. e4 c5 2. Nf3 e6 3. Nc3 Nc6 4. d4 cxd4 5. Nxd4 d6 6. Be3 Nf6 7. f3 Be7 8. g4 0-0 9. Qd2 d5 10. g5 Nh5 11. Rg1 Bb4 12. 0-0-0 Qa5 13. Nb3 Bxc3 14. Nxa5 Bxd2+ 15. Bxd2 Nd4 16. Bb4 Nxf3 17. Bxf8 Kxf8 18. Rg2 dxe4 19. Be2 e5 20. Rf2 Nf4 21. Bxf3 exf3 22. Nc4 e4 23. Rd8+ Ke7 24. Rd4 Bf5 25. Nd6 Bg6 26. Nxe4 Ne2+ 27. Rxe2 fxe2 28. Kd2 Rd8 29. Rxd8 Kxd8 30. Nc3 Bxc2 31. Kxe2 Kd7 32. Ke3 a6 33. Kd4 Ke6 34. Nd5 Ba4 35. Ne3 Bc6 36. b3 f5 37. gxf6 Kxf6 38. Ng4+ Kf5 39. Ne5 Bh1 40. a4 g5 41. b4 h5 42. Nd3 Bc6 43. a5 g4 44. Ke3 h4 45. Nf4 g3 46. hxg3 hxg3 47. Ne2 Kg4 48. Ng1 Bb5 49. Ke4 g2 50. Ke3 Kg3 51. Nf3 Be8 0-1

[Event "USA-ch (Women)"]
[Site "New York"]
[Date "2004.06.17"]
[Round "1"]
[White "Shahade, Jennifer"]
[Black "Goletiani, Rusudan"]
[Result "1/2-1/2"]
[WhiteElo "2337"]
[BlackElo "2352"]
[PlyCount "106"]
[EventDate "2004.06.17"]
[EventType "tourn"]
[EventRounds "7"]
[EventCountry "USA"]
[SourceTitle "CBM 100 Extra"]
[Source "ChessBase"]
[SourceDate "2004.07.06"]
[SourceVersion "2"]
[SourceVersionDate "2004.07.06"]
[SourceQuality "1"]

1. e4 c5 2. Nf3 d6 3. d4 cxd4 4. Nxd4 Nf6 5. Nc3 Nc6 6. Be2 e6 7. 0-0 Be7 8. Be3 a6 9. f4 Qc7 10. Qe1 0-0 11. Qg3 Nxd4 12. Bxd4 b5 13. a3 Rb8 14. Kh1 b4 15. e5 Ne8 16. exd6 Bxd6 17. Ne4 f6 18. Bd3 bxa3 19. bxa3 Be7 20. Rab1 Bxa3 21. Rxb8 Qxb8 22. Bc4 Be7 23. Qh3 f5 24. Ng5 Bxg5 25. fxg5 Qb4 26. Qb3 Qxb3 27. cxb3 Nd6 28. Bc5 Rd8 29. Bxd6 Rxd6 30. Rxf5 Rd1+ 31. Rf1 Rxf1+ 32. Bxf1 a5 33. Kg1 Kf7 34. Bd3 e5 35. Kf2 Bb7 36. g3 e4 37. Bc4+ Kg6 38. h4 Kf5 39. Bg8 h6 40. gxh6 gxh6 41. Bc4 Bc6 42. Be2 Ke5 43. Ke3 Bd5 44. Bd1 Kf6 45. Bc2 Bc6 46. Bd1 Bd5 47. Bc2 Kf5 48. Bd1 Bf7 49. Kd4 Bg8 50. Ke3 Ke5 51. Bc2 Bh7 52. Bd1 Bg8 53. Bc2 Bd5 1/2-1/2

[Event "World-ch (Women) k.o."]
[Site "Elista"]
[Date "2004.05.22"]
[Round "1.1"]
[White "Shahade, Jennifer"]
[Black "Dzagnidze, Nana"]
[Result "0-1"]
[WhiteElo "2337"]
[BlackElo "2452"]
[PlyCount "72"]
[EventDate "2004.05.22"]
[EventType "k.o."]
[EventRounds "6"]
[EventCountry "RUS"]
[SourceTitle "CBM 100 Extra"]
[Source "ChessBase"]
[SourceDate "2004.07.06"]
[SourceVersion "2"]
[SourceVersionDate "2004.07.06"]
[SourceQuality "1"]

1. e4 c5 2. Nf3 d6 3. d4 cxd4 4. Nxd4 Nf6 5. Nc3 Nc6 6. Bg5 e6 7. Qd2 Be7 8. 0-0-0 Nxd4 9. Qxd4 0-0 10. f3 a6 11. Kb1 Nxe4 12. Nxe4 Bxg5 13. Nxg5 Qxg5 14. f4 Qa5 15. Qxd6 b5 16. Bd3 Bb7 17. Qe5 Rac8 18. h4 Bd5 19. b3 Qc3 20. Qe2 b4 21. f5 a5 22. Rh3 Qf6 23. g4 exf5 24. Bxf5 Rcd8 25. Rhd3 Bb7 26. g5 Qb6 27. h5 Ba6 28. g6 Bxd3 29. gxh7+ Kh8 30. Bxd3 Rde8 31. Qg2 Re5 32. Rf1 Rfe8 33. a4 bxa3 34. Ka2 Qd4 35. Kxa3 Rxh5 36. Rxf7 Qa1# 0-1

[Event "New York Masters 81th"]
[Site "New York"]
[Date "2003.11.11"]
[Round "1"]
[White "Shahade, Jennifer"]
[Black "Ehlvest, Jaan"]
[Result "1-0"]
[WhiteElo "2366"]
[BlackElo "2602"]
[PlyCount "59"]
[EventDate "2003.11.11"]
[EventType "swiss (rapid)"]
[EventRounds "4"]
[EventCountry "USA"]
[SourceTitle "CBM 097 Extra"]
[Source "ChessBase"]
[SourceDate "2004.01.13"]
[SourceVersion "1"]
[SourceVersionDate "2004.01.13"]
[SourceQuality "1"]

1. e4 c5 2. Nf3 e6 3. d4 cxd4 4. Nxd4 Nf6 5. Nc3 d6 6. Be2 Be7 7. 0-0 a6 8. Kh1 Qc7 9. a4 b6 10. f4 Bb7 11. Bf3 Nc6 12. Nxc6 Bxc6 13. Qe1 0-0 14. b3 b5 15. Bb2 b4 16. Nd1 e5 17. Qxb4 exf4 18. Qc3 Qb7 19. Nf2 Rac8 20. Qd4 Rfd8 21. Rae1 Ne8 22. Ng4 h5 23. Nh6+ Kf8 24. Nxf7 Bf6 25. e5 dxe5 26. Nxd8 Bxd8 27. Qxe5 Bf6 28. Ba3+ Kf7 29. Qe6+ Kg6 30. Bxc6 1-0

[Event "Budapest FS07 GM"]
[Site "Budapest"]
[Date "2003.07.14"]
[Round "10"]
[White "Shahade, Jennifer"]
[Black "Gerzhoy, Leonid"]
[Result "0-1"]
[WhiteElo "2366"]
[BlackElo "2410"]
[PlyCount "58"]
[EventDate "2003.07.05"]
[EventType "tourn"]
[EventRounds "11"]
[EventCountry "HUN"]
[EventCategory "7"]
[SourceTitle "CBM 095 Extra"]
[Source "ChessBase"]
[SourceDate "2003.09.04"]
[SourceVersion "1"]
[SourceVersionDate "2003.09.04"]
[SourceQuality "1"]

1. e4 c5 2. Nf3 Nc6 3. d4 cxd4 4. Nxd4 Nf6 5. Nc3 d6 6. Bg5 e6 7. Qd2 Be7 8. 0-0-0 Nxd4 9. Qxd4 0-0 10. f3 a6 11. h4 b5 12. Kb1 Qc7 13. Bxf6 gxf6 14. Qd2 Kh8 15. Bd3 Rg8 16. g4 b4 17. Ne2 a5 18. g5 Qc5 19. f4 a4 20. Ng3 Bb7 21. Nh5 a3 22. Rhe1 axb2 23. Bf1 Rgc8 24. Kxb2 Qc3+ 25. Qxc3 bxc3+ 26. Kb3 fxg5 27. hxg5 Rab8 28. Rd4 Bxe4+ 29. Rb4 Bxc2+ 0-1

[Event "Budapest FS07 GM"]
[Site "Budapest"]
[Date "2003.07.05"]
[Round "1"]
[White "Shahade, Jennifer"]
[Black "Krapivin, Alexander"]
[Result "1-0"]
[WhiteElo "2366"]
[BlackElo "2339"]
[PlyCount "69"]
[EventDate "2003.07.05"]
[EventType "tourn"]
[EventRounds "11"]
[EventCountry "HUN"]
[EventCategory "7"]
[SourceTitle "CBM 095 Extra"]
[Source "ChessBase"]
[SourceDate "2003.09.04"]
[SourceVersion "1"]
[SourceVersionDate "2003.09.04"]
[SourceQuality "1"]

1. e4 c5 2. Nf3 e6 3. d4 cxd4 4. Nxd4 Nf6 5. Nc3 Nc6 6. Ndb5 d6 7. Bf4 e5 8. Bg5 a6 9. Na3 b5 10. Nd5 Be7 11. Bxf6 Bxf6 12. c3 0-0 13. Nc2 Bg5 14. a4 bxa4 15. Rxa4 a5 16. Bb5 Bb7 17. 0-0 Ne7 18. Bc4 Nxd5 19. Bxd5 Qb6 20. b4 Bxd5 21. Qxd5 Rac8 22. bxa5 Qb2 23. Ra2 Qxc3 24. a6 Qc5 25. a7 Ra8 26. Rb1 Qxd5 27. exd5 Bd2 28. Kf1 f5 29. Rb7 Rfc8 30. Na3 Bb4 31. Nb5 Rc1+ 32. Ke2 e4 33. Rb8+ Kf7 34. Nxd6+ Kg6 35. Rxb4 1-0

[Event "New York Masters 55th"]
[Site "New York"]
[Date "2003.05.06"]
[Round "1"]
[White "Ehlvest, Jaan"]
[Black "Shahade, Jennifer"]
[Result "1-0"]
[WhiteElo "2600"]
[BlackElo "2330"]
[PlyCount "85"]
[EventDate "2003.05.06"]
[EventType "swiss (rapid)"]
[EventRounds "4"]
[EventCountry "USA"]
[SourceTitle "CBM 094 Extra"]
[Source "ChessBase"]
[SourceDate "2003.07.09"]
[SourceVersion "2"]
[SourceVersionDate "2003.07.09"]
[SourceQuality "1"]

1. d4 Nf6 2. Nf3 g6 3. c4 Bg7 4. Nc3 d5 5. Qb3 dxc4 6. Qxc4 0-0 7. e4 Nc6 8. Be2 Bg4 9. d5 Na5 10. Qa4 Bxf3 11. Bxf3 c6 12. 0-0 b5 13. Qb4 a6 14. Rd1 Nd7 15. Ne2 c5 16. Qe1 Ne5 17. Nf4 Nxf3+ 18. gxf3 Nc4 19. Qe2 Qc8 20. Rb1 Ne5 21. Bd2 g5 22. Nd3 Qh3 23. Nxe5 Bxe5 24. f4 gxf4 25. Qf1 Qh5 26. f3 Kh8 27. Kh1 Rg8 28. Qe2 Rg3 29. Rf1 Rag8 30. Bc3 Bxc3 31. bxc3 Qh3 32. Rf2 Qh5 33. e5 Qg6 34. Qf1 Rg5 35. Re1 Qh5 36. Qe2 Qg6 37. Qf1 Qg7 38. Rfe2 Rd8 39. d6 exd6 40. exd6 Qxc3 41. Re8+ Rxe8 42. Rxe8+ Kg7 43. d7 1-0